[Event "Israel-ch Women 2021"]
[Site "Haifa"]
[Date "2021.03.14"]
[Round "8.23"]
[White "Vardi, Shlomit"]
[Black "Shaul Seidner, Liad"]
[Result "0-1"]
[WhiteElo "1901"]
[BlackElo "1687"]
[Annotator "ChessBase"]
[PlyCount "102"]
[EventDate "2021.01.10"]
[EventType "swiss"]
[EventCountry "ISR"]
[SourceTitle "playchess.com"]
[Source "ChessBase"]
[SourceQuality "1"]
[TimeControl "40/5400+30:3600+30"]

1. e4 {[%emt 0:00:00]} c5 {[%emt 0:00:00]} 2. Nc3 {[%emt 0:00:00]} a6 {[%emt 0:00:00]} 3. g3 {[%emt 0:01:29]} b5 {[%emt 0:00:00]} 4. Bg2 {[%emt 0:00:28]} Bb7 {[%emt 0:00:11]} 5. d3 {[%emt 0:01:38]} e6 {[%emt 0:00:17]} 6. f4 {[%emt 0:01:32]} b4 {[%emt 0:00:49]} 7. Nb1 {[%emt 0:00:58]} d5 {[%emt 0:00:25]} 8. Nd2 {[%emt 0:01:13]} Be7 {[%emt 0:05:34]} 9. Nh3 {[%emt 0:00:58]} h5 {[%emt 0:10:48]} 10. O-O {[%emt 0:01:32]} Nf6 {[%emt 0:08:15]} 11. Nf2 {[%emt 0:02:23]} Nc6 {[%emt 0:02:33]} 12. e5 {[%emt 0:06:52]} Ng8 {[%emt 0:01:10]} 13. Nf3 {[%emt 0:01:45]} Nh6 {[%emt 0:03:28]} 14. Bh3 {[%emt 0:01:52]} g6 {[%emt 0:01:28]} 15. a3 {[%emt 0:07:46]} a5 {[%emt 0:03:44]} 16. Bd2 {[%emt 0:08:15]} Nf5 {[%emt 0:05:35]} 17. Bxf5 {[%emt 0:02:39]} gxf5 {[%emt 0:00:15]} 18. axb4 {[%emt 0:01:55]} axb4 {[%emt 0:00:33]} 19. Rxa8 {[%emt 0:00:17]} Qxa8 {[%emt 0:00:27]} 20. d4 {[%emt 0:00:20]} c4 {[%emt 0:01:32]} 21. Qa1 {[%emt 0:00:35]} Kd7 {[%emt 0:02:50]} 22. h3 {[%emt 0:03:11]} Ba6 {[%emt 0:04:31]} 23. c3 {[%emt 0:02:16]} b3 {[%emt 0:01:01]} 24. Qa4 {[%emt 0:00:22]} Qb7 {[%emt 0:00:30]} 25. Qa1 {[%emt 0:00:30]} Bb5 {[%emt 0:01:05]} 26. Qd1 {[%emt 0:01:59]} Qa8 {[%emt 0:10:12]} 27. Kh2 {[%emt 0:10:49]} Qa2 {[%emt 0:01:41]} 28. Bc1 {[%emt 0:00:08]} Na7 {[%emt 0:07:58]} 29. h4 {[%emt 0:12:30]} Nc8 {[%emt 0:01:18]} 30. Nh3 {[%emt 0:01:25]} Nb6 {[%emt 0:00:51]} 31. Nfg5 {[%emt 0:00:13]} Ke8 {[%emt 0:01:42]} 32. Rf2 {[%emt 0:04:02]} Bd7 {[%emt 0:01:47]} 33. Kg2 {[%emt 0:00:44]} Na4 {[%emt 0:03:02]} 34. Qd2 {[%emt 0:00:49]} Bd8 {[%emt 0:00:54]} 35. Ng1 {[%emt 0:01:42]} Kf8 {[%emt 0:02:29]} 36. Qe3 {[%emt 0:12:46]} Ba5 {[%emt 0:01:06]} 37. N1f3 {[%emt 0:00:32]} Kg7 {[%emt 0:02:05]} 38. Nh2 {[%emt 0:00:32]} Qb1 {[%emt 0:02:16]} 39. Nhf3 {[%emt 0:00:22]} Kg6 {[%emt 0:02:13]} 40. Nh2 {[%emt 0:04:22]} Bxc3 {[%emt 0:04:14]} 41. bxc3 {[%emt 1:00:10]} b2 {[%emt 1:00:07]} 42. Bxb2 {[%emt 0:01:13]} Nxb2 {[%emt 0:00:07]} 43. Qd2 {[%emt 0:01:03]} Nd3 {[%emt 0:02:52]} 44. Rf1 {[%emt 0:00:46]} Qb3 {[%emt 0:00:45]} 45. Ra1 {[%emt 0:02:03]} Ba4 {[%emt 0:01:15]} 46. Nf1 {[%emt 0:00:30]} Rb8 {[%emt 0:01:00]} 47. Nf3 {[%emt 0:00:25]} Qb5 {[%emt 0:03:24]} 48. Ne1 {[%emt 0:00:42]} Nxe1+ {[%emt 0:00:21]} 49. Rxe1 {[%emt 0:00:06]} Qb2 {[%emt 0:00:26]} 50. Rc1 {[%emt 0:02:05]} Qxd2+ {[%emt 0:00:22]} 51. Nxd2 {[%emt 0:00:04]} Rb2 {[%emt 0:00:12]} 0-1

[Event "Israel-ch Women 2021"]
[Site "Haifa"]
[Date "2021.03.15"]
[Round "9.1"]
[White "Haitovich, Avital"]
[Black "Shvayger, Yuliya"]
[Result "0-1"]
[WhiteElo "1981"]
[BlackElo "2327"]
[Annotator "TA"]
[PlyCount "86"]
[EventDate "2021.01.10"]
[EventType "swiss"]
[EventCountry "ISR"]
[SourceTitle "playchess.com"]
[Source "ChessBase"]
[SourceQuality "1"]

{[%evp 13,86,18,21,17,28,23,58,61,104,93,108,108,94,94,89,53,94,97,140,145,132,131,134,75,78,77,72,0,110,-21,29,-8,-7,-12,0,-25,-6,-21,-8,-529,-533,-524,-527,-515,-511,-840,-797,-786,-621,-631,-641,-648,-634,-572,-385,-697,-691,-670,-572,-29997,-29982,-29982,-29982,-29985,-29986,-29987,-29988,-29995,-29995,-29995,-29996,-29996,-29997,-29997,-29996]} 1. e4 c5 2. Nf3 Nc6 3. Bb5 e6 4. O-O Nge7 5. c3 a6 6. Ba4 b5 7. Bc2 Bb7 8. a3 {B30: Sicilian: 2...Nc6 3 Bb5, lines without ...g6.} Ng6 9. d4 {[#]} d6 $146 ({Predecessor:} 9... cxd4 10. cxd4 Rc8 11. Be3 Na5 12. Nbd2 Be7 13. g3 O-O 14. h4 f5 15. exf5 exf5 {½-½ (67) De Lillo,M (2233)-Ballarani,P (2315) ICCF email 2013}) 10. d5 {White is slightly better.} Nce5 11. Nxe5 dxe5 12. dxe6 fxe6 13. Qg4 Qf6 14. Bg5 Qf7 15. a4 c4 16. axb5 axb5 17. Rxa8+ Bxa8 18. Rd1 (18. b3 $142) 18... Be7 $16 19. Bxe7 Qxe7 20. b3 (20. g3 $16) 20... O-O (20... cxb3 $1 $11 {remains equal.} 21. Bxb3 Nf4) 21. Nd2 ({White should try} 21. bxc4 $16 bxc4 22. g3) 21... Qf6 22. Rf1 Rd8 23. Rd1 cxb3 24. Bxb3 Nf4 25. g3 {[#]} h5 $1 $36 {[%mdl 2048] Black fights for an advantage.} 26. Qf3 {[%mdl 8192] [#] Loses the game.} (26. Qf5 $1 $11 {and White has nothing to worry.} Ne2+ 27. Kf1 Qxf5 28. exf5 Nxc3 29. Bxe6+ Kf8 30. Rc1) 26... Rd3 $1 $19 27. gxf4 Rxf3 28. Nxf3 {aiming for Ng5.} Qxf4 29. Rd8+ (29. Bxe6+ $142 Kf8 30. Nd2) 29... Kf7 30. Rxa8 Qxf3 {[%mdl 4096] Endgame KQ-KRB} 31. Ra7+ Kf6 32. Ra6 Qxe4 33. Bxe6 {Bd5+ is the strong threat.} Kg5 34. Bd7 $2 (34. Bh3) 34... Qd3 {Threatens to win with ...Qd1+.} 35. Be8 h4 36. Ra7 h3 {[%cal Rd3d1] Black mates.} 37. Rxg7+ Kf6 {[%cal Rd3d1]} 38. Rf7+ Ke6 {[%cal Rd3d1]} 39. f4 Qe2 {[%csl Gh3][%cal Re2g2]} 40. f5+ Kd6 {[%csl Gh3][%cal Re2g2]} 41. Rd7+ Kc5 {[%csl Gh3][%cal Re2g2]} 42. Rc7+ Kb6 {[%csl Gh3][%cal Re2g2]} 43. Rc6+ Ka5 {[%csl Gh3][%cal Re2g2] Weighted Error Value: White=0.60/Black=0.27} 0-1

[Event "Israel-ch Women 2021"]
[Site "Haifa"]
[Date "2021.03.15"]
[Round "9.2"]
[White "Federovski, Adi"]
[Black "Kochavi, Dana"]
[Result "0-1"]
[WhiteElo "1995"]
[BlackElo "1572"]
[Annotator "TA"]
[PlyCount "88"]
[EventDate "2021.01.10"]
[EventType "swiss"]
[EventCountry "ISR"]
[SourceTitle "playchess.com"]
[Source "ChessBase"]
[SourceQuality "1"]

{[%evp 9,88,2,115,48,50,-45,-44,-63,-62,-43,7,-18,-11,-16,-21,-60,0,-91,-88,-104,-101,-94,-74,-74,-100,-86,-43,-100,-82,-82,-75,-161,-200,-198,-131,-162,-122,-205,-59,-75,-69,-234,-241,-325,-348,-376,-275,-448,-334,-337,-345,-372,-235,-312,-318,-601,-442,-480,-456,-629,-551,-780,-766,-1279,-625,-697,-633,-621,-451,-829,-806,-2118,-1981,-29981,-29982,-2799,-2007,-1995,-1934,-29987,-29988]} 1. e4 c6 2. d4 d5 3. e5 Bf5 4. h4 Qb6 5. h5 Bd7 {[#]} (5... f6 $11 {remains equal.}) 6. Nc3 {[#] B12: Caro-Kann: Advance Variation.} (6. c4 $1 $16) 6... e6 $146 ({Predecessor:} 6... h6 7. Na4 Qa5+ 8. c3 e6 9. b4 Qc7 10. Be3 b6 11. Nf3 a5 12. Rb1 axb4 13. cxb4 {1-0 (38) Matikozian,A (2290)-Aliev,R Tallinn 1997}) 7. f4 ({White should try} 7. Na4 $14 Qc7 8. Nf3) 7... c5 $15 8. Nf3 {Black is slightly better.} Nh6 9. Ne2 Nf5 10. g4 Nxd4 11. Nexd4 cxd4 12. a3 a5 (12... Nc6 $15) 13. Rh3 ({Of course not} 13. Nxd4 Bc5 $17) (13. h6 $11 {keeps the balance.}) 13... Nc6 $17 14. Bd3 a4 15. Qe2 Na5 16. Nd2 Rc8 17. Rb1 Qc7 18. f5 (18. h6 $15) 18... Nc4 19. Nf3 Qb6 $36 {[%mdl 2048] And now ...Nxa3! would win. White is under strong pressure.} 20. fxe6 (20. b4 $17) 20... Bxe6 $19 21. Ng5 Nxa3 22. Ra1 $17 {[#]} Nc4 23. Rxa4 (23. Nxe6 $17 fxe6 24. Rxa4) 23... Bb4+ ({Black should play} 23... Bd7 $19 24. Ra1 Be7) 24. Kf1 $15 {next b3 is good for White.} Bd7 25. Ra1 {This move loses the game for White.} (25. Rxb4 $15 Qxb4 26. e6 fxe6 27. Nxe6) 25... h6 $19 26. Bxc4 dxc4 27. Ne4 Qe6 {Strongly threatening ...0-0.} 28. Nf2 $2 (28. c3 d3 29. Qe3) 28... Bc5 29. Rg3 Bb5 30. Ra5 Qb6 31. Rxb5 Qxb5 32. e6 $2 (32. g5) 32... f6 33. Qe4 {and the idea Qg6+ leaves White hopeful.} O-O 34. Qg6 Rc7 35. c3 d3 36. Ne4 Qe8 (36... Qb3 $142 37. Kg2 Qd1) 37. Qf5 Qe7 38. Kg2 b6 39. Bf4 (39. b3 $142) 39... Rc6 {[%cal Bc7c6,Bc6e6,Be6e2][%mdl 32]} 40. Qg6 Rxe6 41. Nd2 Re2+ 42. Kh3 Be3 43. Bxe3 Rxe3 44. Nxc4 Rxg3+ {Weighted Error Value: White=0.73/Black=0.49} 0-1

[Event "Israel-ch Women 2021"]
[Site "Haifa"]
[Date "2021.03.15"]
[Round "9.3"]
[White "Orian, Noga"]
[Black "Katkov, Michelle"]
[Result "1/2-1/2"]
[WhiteElo "1658"]
[BlackElo "2078"]
[Annotator "TA"]
[PlyCount "82"]
[EventDate "2021.01.10"]
[EventType "swiss"]
[EventCountry "ISR"]
[SourceTitle "playchess.com"]
[Source "ChessBase"]
[SourceQuality "1"]

{[%evp 10,82,22,26,27,-12,158,89,85,79,104,24,45,43,38,29,43,40,42,42,133,121,135,122,124,124,139,134,148,104,111,49,52,0,0,0,0,-4,0,0,0,0,15,0,12,0,12,15,27,10,5,0,0,0,0,0,0,0,0,0,52,56,67,19,27,0,70,70,71,29,58,33,16,0,11]} 1. c4 Nf6 2. Nc3 e6 3. e4 d5 4. cxd5 exd5 5. e5 Ne4 6. Nf3 Bf5 {A18: English Opening: Flohr-Mikenas System (1 c4 Nf6 2 Nc3 e6 3 e4).} 7. Qb3 {[#]} (7. Be2 {is interesting.} d4 8. Nxe4 Bxe4 9. Bc4 Nc6 10. O-O) 7... d4 $146 (7... Nc5 $1 $11 8. Qxd5 Nc6) ({Predecessor:} 7... Nc5 8. Qxd5 Nc6 9. Bc4 Nd3+ 10. Bxd3 Bxd3 11. a3 Qxd5 12. Nxd5 Rd8 13. Ne3 Na5 14. b4 {0-1 (30) Larkin,V (2394)-Batsuren,D (2451) Novi Sad 2020}) 8. Nxe4 (8. Qxb7 $142 dxc3 9. Qxa8 cxd2+ 10. Bxd2) 8... Bxe4 $16 {[#]White is better.} 9. Bc4 $1 {[%cal Rc4f7]} Qe7 10. Bxf7+ Qxf7 $11 11. Qxf7+ Kxf7 12. Ng5+ {[%mdl 64] Double Attack} Kg6 13. Nxe4 Kf5 14. d3 $36 {[%mdl 2048] And now f4 would win. White has the initiative.} Bb4+ (14... Kxe5 $14 15. Bd2 Na6) 15. Bd2 $16 Nc6 16. Bxb4 Nxb4 17. Kd2 Kxe5 18. Rhc1 Nd5 19. Re1 Rhe8 20. Nc3+ ({Better is} 20. Rac1 $16) 20... Kd6 $14 {[#] White must now prevent ...Rxe1.} 21. Nxd5 (21. Nb5+ $1 $14 Kc5 22. Rxe8 Rxe8 23. a4) 21... Kxd5 {[%mdl 4096] Endgame KRR-KRR} 22. f3 c5 23. Re4 Rxe4 24. fxe4+ $11 {KR-KR} Ke6 25. Rf1 Rd8 26. b3 Rd7 27. Ke2 Ke7 28. Rf5 b6 29. Kf3 Rd6 30. Re5+ Kd7 31. Rf5 {next Rf7+ is good for White.} Rf6 32. Kf4 Ke6 33. g4 Rh6 34. Kg3 Ke7 (34... Rf6 $11) 35. g5 $14 Rc6 36. Re5+ Kd7 37. Rf5 {Threatens to win with Rf7+.} Ke6 (37... Ke7 $1 $11) 38. Kf4 b5 39. Re5+ Kf7 40. Rd5 Ke6 41. Re5+ Kd6 {Weighted Error Value: White=0.18/Black=0.19} 1/2-1/2

[Event "Israel-ch Women 2021"]
[Site "Haifa"]
[Date "2021.03.15"]
[Round "9.4"]
[White "Golovchanskaya, Alina"]
[Black "Reprun, Nadejda"]
[Result "0-1"]
[WhiteElo "1681"]
[BlackElo "1968"]
[Annotator "TA"]
[PlyCount "58"]
[EventDate "2021.01.10"]
[EventType "swiss"]
[EventCountry "ISR"]
[SourceTitle "playchess.com"]
[Source "ChessBase"]
[SourceQuality "1"]

{[%evp 14,58,12,15,47,0,0,-40,-43,-37,-16,-18,-24,-158,-150,-180,-152,-443,-435,-690,-688,-672,-143,-656,-674,-665,-679,-691,-675,-1316,-1295,-1476,-1392,-29992,-3172,-2191,-2098,-29996,-29987,-29996,-29997,-29997,-29995,-29995,-29996,-29996,-29997]} 1. d4 d5 2. c4 c6 3. Nc3 Nf6 4. cxd5 cxd5 5. Bf4 Nc6 6. e3 a6 7. Nf3 Bf5 8. Rc1 Qb6 {D13: Slav Defence: Exchange variation without ...Bf5.} 9. Na4 Qa5+ 10. Nd2 {[#]} e5 $146 {Black is slightly better.} ({Predecessor:} 10... e6 11. a3 Nd7 12. Be2 Be7 13. O-O O-O 14. b4 Qd8 15. Nb3 Re8 16. Nbc5 Nxc5 17. Nxc5 {½-½ (38) Tempone,M (2366)-Spata,G (2281) Buenos Aires 2016}) 11. Bxe5 Nxe5 12. dxe5 Ne4 {[%cal Re4d2] ...Nxd2 is the strong threat.} 13. Nc3 (13. Bd3 $11 {remains equal.}) 13... Nxc3 $17 14. Rxc3 Bb4 ({Stronger than} 14... Qxa2 15. Bd3 $11) 15. Rb3 $2 {[#]} (15. Rd3 $17 {was necessary.}) 15... Rc8 $1 $19 16. a3 (16. Rxb4 $142 Qxb4 17. Qb3) 16... Bxd2+ 17. Qxd2 Rc1+ $1 $40 {[%mdl 128] Black wants a kill.} 18. Ke2 Rc2 19. Qxc2 Bxc2 20. Rxb7 O-O {Strongly threatening ...d4!} 21. Kf3 d4 {[%mdl 64] [#] Discovered Attack} 22. Bc4 Qxe5 {White must now prevent ...Be4+.} 23. Ra7 Qe4+ (23... Be4+ $142 24. Kg4 Qf5+ 25. Kh4 Bxg2 26. Bxf7+ Kh8 27. Rg1 Qh3+ {[%mdl 64] Double Attack} 28. Kg5 h6+ 29. Kf4 Qh4+ {[%mdl 64] Double Attack} 30. Kf5 Qe4#) 24. Kg3 dxe3 {( -> ...g5)} 25. Bxa6 exf2 {Black mates.} 26. Rb7 Qe3+ 27. Kh4 Qf4+ 28. g4 g5+ 29. Kh5 Kg7 {[%csl Gf7,Gg7,Gh7][%cal Rc2g6] White did not feel at home in the position after the opening.  Weighted Error Value: White=1.48/Black=0.44} 0-1

[Event "Israel-ch Women 2021"]
[Site "Haifa"]
[Date "2021.03.15"]
[Round "9.5"]
[White "Lian, Marina"]
[Black "Aleksandrova, Aleksandra"]
[Result "1-0"]
[WhiteElo "1870"]
[BlackElo "1769"]
[Annotator "NA RC"]
[PlyCount "57"]
[EventDate "2021.01.10"]
[EventType "swiss"]
[EventCountry "ISR"]
[SourceTitle "playchess.com"]
[Source "ChessBase"]
[SourceQuality "1"]
[TimeControl "40/5400+30:3600+30"]

{[%evp 8,57,70,47,32767,32767,32767,32767,32767,32767,32767,32767,32767,32767,32767,32767,32767,92,85,79,32767,32767,32767,45,88,87,88,89,372,382,352,375,413,460,732,749,741,650,586,732,618,630,1548,2537,1156,889,912,889,29991,29983,29979,7567]} 1. e4 {[%emt 0:00:00]} d6 {[%emt 0:00:00]} 2. d4 {[%emt 0:00:08]} c6 {[%emt 0:00:00]} 3. Nc3 {[%emt 0:00:08]} Qc7 {[%emt 0:00:00]} 4. f4 {[%emt 0:00:21]} e5 {[%emt 0:00:14]} 5. Nf3 {[%emt 0:00:31]} Nd7 {[%emt 0:00:12]} 6. Bc4 {[%emt 0:00:14]} Be7 {[%emt 0:00:10]} 7. O-O {[%emt 0:00:08]} Ngf6 {[%emt 0:00:31]} 8. fxe5 {[%emt 0:01:49]} dxe5 {[%emt 0:00:05]} 9. Nxe5 {[%emt 0:00:40]} Nxe5 {[%emt 0:01:03]} 10. Bf4 {[%emt 0:00:36]} Bd6 {[%emt 0:00:24]} 11. dxe5 {[%emt 0:00:15]} Bxe5 {[%emt 0:00:14] [#]} 12. Bxf7+ $1 {[%emt 0:01:08]} Ke7 $1 {[%emt 0:03:50]} ({Don't go for} 12... Kxf7 $2 {[#]} 13. Qh5+ $3 {[%mdl 512]} Nxh5 14. Bxe5+ {[%mdl 64] Discovered Attack} Kg6 15. Bxc7 $16) 13. Bxe5 {[%emt 0:00:29]} Qxe5 {[%emt 0:00:02]} 14. Bb3 {[%emt 0:00:09]} Ng4 {[%emt 0:05:31]} 15. Rf7+ {[%emt 0:02:09]} Ke8 {[%emt 0:00:04]} 16. g3 {[%emt 0:02:52]} ({Avoid the trap} 16. h3 $2 Qh2+ 17. Kf1 Ne3+ {[%mdl 64] Double Attack} 18. Kf2 Nxd1+ $19) 16... Qc5+ {[%emt 0:02:27]} 17. Kh1 {[%emt 0:00:17]} Nf2+ $2 {[%emt 0:01:05] [#]} (17... Rf8 $16 {was called for.} 18. Na4 Nf2+ 19. Rxf2 {[%mdl 64] Deflection} Qxf2 20. Qh5+ {[%mdl 64] Double Attack} Rf7) 18. Rxf2 $1 {[%emt 1:27:06]} Qxf2 19. Qh5+ {[%emt 0:00:00]} Ke7 {[%emt 0:22:22]} 20. Rd1 {[%emt 0:00:00]} Qf6 {[%emt 0:04:29]} (20... Re8 $142 21. Bc4 (21. Qxh7 Qf3+ 22. Kg1 Qe3+ 23. Kg2 Qh6 $11) 21... Bd7) 21. e5 {[%emt 0:00:00]} Qf5 {[%emt 0:00:45]} 22. Qh4+ {[%emt 0:00:00]} g5 {[%emt 0:01:08] [#]} 23. Qb4+ $1 {[%emt 0:00:00]} ({Inferior is} 23. Qd4 Qf3+ 24. Kg1 Bh3 $11) 23... Ke8 {[%emt 0:00:17] [#]} 24. Kg1 $1 {[%emt 0:00:00]} a5 {[%emt 0:30:52]} 25. Qd6 {[%emt 0:00:00]} Qd7 {[%emt 0:25:18]} 26. Qf6 {[%emt 0:00:00] Decoy} Rf8 {[%emt 0:00:42]} 27. Qxg5 {[%emt 0:00:00]} ({Weaker is} 27. Rxd7 Rxf6 28. Rg7 (28. Rxh7 Bf5 $16) 28... Rf5 $16) 27... Qc7 {[%emt 0:00:53]} 28. Qh5+ {[%emt 0:00:00]} Rf7 {[%emt 0:00:17]} 29. Ne4 $18 {[%emt 0:00:00]} 1-0

[Event "Israel-ch Women 2021"]
[Site "Haifa"]
[Date "2021.03.15"]
[Round "9.6"]
[White "Shaul Seidner, Liad"]
[Black "Gadasi, Noam"]
[Result "1/2-1/2"]
[WhiteElo "1687"]
[BlackElo "1781"]
[Annotator "NA RC"]
[PlyCount "97"]
[EventDate "2021.01.10"]
[EventType "swiss"]
[EventCountry "ISR"]
[SourceTitle "playchess.com"]
[Source "ChessBase"]
[SourceQuality "1"]
[TimeControl "40/5400+30:3600+30"]

1. e4 {[%emt 0:00:00]} c5 {[%emt 0:00:00]} 2. Nf3 {[%emt 0:00:00]} d6 {[%emt 0:00:00]} 3. Bb5+ {[%emt 0:00:00]} Bd7 {[%emt 0:00:15]} 4. Bxd7+ {[%emt 0:00:00]} Qxd7 {[%emt 0:00:15]} 5. O-O {[%emt 0:00:13]} Nc6 {[%emt 0:00:23]} 6. Re1 {[%emt 0:00:23]} Nf6 {[%emt 0:01:45]} 7. c3 {[%emt 0:03:59]} e6 {[%emt 0:00:40]} 8. d4 {[%emt 0:00:45]} cxd4 {[%emt 0:01:13]} 9. cxd4 {[%emt 0:00:20]} d5 {[%emt 0:00:57]} 10. e5 {[%emt 0:06:33]} Ne4 {[%emt 0:01:54]} 11. Nbd2 {[%emt 0:00:21]} Nxd2 {[%emt 0:02:33]} 12. Bxd2 {[%emt 0:00:30]} Be7 {[%emt 0:00:54]} 13. Rc1 {[%emt 0:01:30]} O-O {[%emt 0:00:52]} 14. a3 {[%emt 0:02:26]} a5 {[%emt 1:25:19]} 15. Qe2 {[%emt 0:19:45]} a4 {[%emt 0:00:00]} 16. Rc2 {[%emt 0:02:45]} Rfc8 {[%emt 0:01:00]} 17. Rec1 {[%emt 0:01:36]} Na7 {[%emt 0:00:00]} 18. Qd3 {[%emt 0:11:25]} Rxc2 {[%emt 0:00:00]} 19. Rxc2 {[%emt 0:02:37]} Rc8 {[%emt 0:00:00]} 20. g3 {[%emt 0:02:41]} Rxc2 {[%emt 0:00:00]} 21. Qxc2 {[%emt 0:00:03]} Qc6 {[%emt 0:00:00]} 22. Qxc6 {[%emt 0:07:54]} Nxc6 {[%emt 0:00:00]} 23. Kf1 {[%emt 0:01:02]} Kf8 {[%emt 0:00:00]} 24. Ke2 {[%emt 0:01:01]} f6 {[%emt 0:00:00]} 25. Kd3 {[%emt 0:02:49]} h6 {[%emt 0:00:00]} 26. exf6 {[%emt 0:04:40]} Bxf6 {[%emt 0:00:00]} 27. h4 {[%emt 0:28:12]} h5 {[%emt 0:05:30]} 28. Bc3 {[%emt 0:00:30]} Ke7 {[%emt 0:00:30]} 29. Ke3 {[%emt 0:00:30]} Kf7 {[%emt 0:00:30]} 30. Kf4 {[%emt 0:00:30]} Be7 {[%emt 0:00:30]} 31. Ne5+ {[%emt 0:00:30]} Ke8 {[%emt 0:00:00]} 32. Nxc6 {[%emt 0:00:00]} bxc6 {[%emt 0:01:00]} 33. Bb4 {[%emt 0:01:00]} Bf6 {[%emt 0:00:30]} 34. Bc5 {[%emt 0:00:30]} Kd7 {[%emt 0:00:30]} 35. Ke3 {[%emt 0:00:30]} e5 {[%emt 0:00:30]} 36. Kd3 {[%emt 0:00:00]} exd4 {[%emt 0:00:00]} 37. f3 {[%emt 0:00:00]} Be5 38. g4 hxg4 {[%emt 0:00:25]} 39. fxg4 {[%emt 0:00:00]} Bf6 {[%emt 0:00:53]} 40. g5 {[%emt 0:00:00]} Be5 {[%emt 0:00:29]} 41. h5 {[%emt 1:03:00]} Bf4 {[%emt 1:01:13]} 42. Bf8 {[%emt 0:00:30]} Bxg5 {[%emt 0:00:00]} 43. Bxg7 {[%emt 0:00:00]} Ke6 {[%emt 0:01:00]} 44. Bxd4 {[%emt 0:01:00]} Kf5 {[%emt 0:00:30]} 45. Kc3 {[%emt 0:00:00]} Be7 {[%emt 0:00:30]} 46. b3 {[%emt 0:01:00]} axb3 {[%emt 0:00:00]} 47. Kxb3 {[%emt 0:00:30]} Bxa3 {[%emt 0:00:00]} 48. Kxa3 {[%emt 0:00:00]} Kg5 {[%emt 0:00:00]} 49. Kb4 {[%emt 0:00:00]} 1/2-1/2

[Event "Israel-ch Women 2021"]
[Site "Haifa"]
[Date "2021.03.15"]
[Round "9.7"]
[White "Levitan, Ronit"]
[Black "Vardi, Shlomit"]
[Result "0-1"]
[WhiteElo "2048"]
[BlackElo "1901"]
[Annotator "RC"]
[PlyCount "120"]
[EventDate "2021.01.10"]
[EventType "swiss"]
[EventCountry "ISR"]
[SourceTitle "playchess.com"]
[Source "ChessBase"]
[SourceQuality "1"]
[TimeControl "40/5400+30:3600+30"]

1. e4 {[%emt 0:00:03]} d6 {[%emt 0:00:00]} 2. d4 {[%emt 0:00:05]} g6 {[%emt 0:00:00]} 3. Nc3 {[%emt 0:00:28]} Bg7 {[%emt 0:00:00]} 4. Nf3 {[%emt 0:00:17]} a6 {[%emt 0:00:14]} 5. a4 {[%emt 0:03:18]} Nf6 {[%emt 0:00:24]} 6. Be3 {[%emt 0:01:00]} O-O {[%emt 0:00:24]} 7. Qd2 {[%emt 0:01:53]} Nc6 {[%emt 0:11:22]} 8. Bh6 {[%emt 0:02:36]} e5 {[%emt 0:02:47]} 9. d5 {[%emt 0:08:09]} Ne7 {[%emt 0:00:19]} 10. Bxg7 {[%emt 0:05:41]} Kxg7 {[%emt 0:00:06]} 11. h4 {[%emt 0:00:30]} h5 {[%emt 0:04:04]} 12. Nh2 {[%emt 0:00:52]} Rb8 {[%emt 0:03:25]} 13. f4 {[%emt 0:12:26]} exf4 {[%emt 0:02:55]} 14. Qxf4 {[%emt 0:00:41]} c6 {[%emt 0:00:58]} 15. Bd3 {[%emt 0:10:23]} cxd5 {[%emt 0:02:33]} 16. O-O {[%emt 0:03:40]} Nc6 {[%emt 0:05:52]} 17. exd5 {[%emt 0:05:18]} Ne5 {[%emt 0:00:55]} 18. Qd4 {[%emt 0:00:20]} b5 {[%emt 0:11:19]} 19. a5 {[%emt 0:10:51]} Bg4 {[%emt 0:11:02]} 20. Rae1 {[%emt 0:11:47]} Qxa5 {[%emt 0:03:15]} 21. Kh1 {[%emt 0:15:06]} Qb6 {[%emt 0:03:54]} 22. Qf4 {[%emt 0:00:18]} Qd8 {[%emt 0:00:19]} 23. Be2 {[%emt 0:01:26]} b4 {[%emt 0:00:37]} 24. Ne4 {[%emt 0:01:07]} Nxd5 {[%emt 0:00:22]} 25. Qd2 {[%emt 0:00:05]} Be6 {[%emt 0:01:09]} 26. Ng5 {[%emt 0:00:30]} Qb6 {[%emt 0:04:58]} 27. Bf3 {[%emt 0:01:22]} Nc7 {[%emt 0:07:08]} 28. Qf4 {[%emt 0:01:12]} f6 {[%emt 0:02:29]} 29. Nxe6+ {[%emt 0:00:22]} Nxe6 {[%emt 0:00:05]} 30. Qg3 {[%emt 0:00:04]} Kh7 {[%emt 0:04:22]} 31. Bd5 {[%emt 0:00:10]} Ng7 {[%emt 0:00:36]} 32. Nf3 {[%emt 0:02:23]} Qc5 {[%emt 0:00:40]} 33. Be4 {[%emt 0:00:34]} f5 {[%emt 0:04:43]} 34. Ng5+ {[%emt 0:00:06]} Kg8 {[%emt 0:00:24]} 35. Bf3 {[%emt 0:00:32]} Rbe8 {[%emt 0:02:36]} 36. Nh3 {[%emt 0:00:55]} Qc4 {[%emt 0:04:30]} 37. Nf4 {[%emt 0:00:35]} Nxf3 {[%emt 0:01:42]} 38. Qxf3 {[%emt 0:00:07]} Rxe1 {[%emt 0:02:38]} 39. Rxe1 {[%emt 0:00:04]} Kh7 {[%emt 0:00:54]} 40. Re7 {[%emt 0:01:26]} Re8 {[%emt 0:01:47]} 41. Rxe8 {[%emt 0:38:09]} Nxe8 {[%emt 0:30:06]} 42. Qg3 {[%emt 0:00:52]} Qf7 {[%emt 0:01:18]} 43. Qe1 {[%emt 0:00:10]} Nf6 {[%emt 0:13:54]} 44. Qxb4 {[%emt 0:08:09]} Qe7 {[%emt 0:02:08]} 45. g3 {[%emt 0:07:34]} Ng4 {[%emt 0:02:31]} 46. Qd2 {[%emt 0:03:39]} Ne3 {[%emt 0:04:33]} 47. Nh3 {[%emt 0:02:10]} Qe4+ {[%emt 0:03:06]} 48. Kg1 {[%emt 0:00:06]} Qe5 {[%emt 0:00:23]} 49. Ng5+ {[%emt 0:00:09]} Kg7 {[%emt 0:00:15]} 50. Kf2 {[%emt 0:01:20]} Qxg3+ {[%emt 0:01:41]} 51. Kxg3 {[%emt 0:01:26]} Nf1+ {[%emt 0:00:05]} 52. Kf2 {[%emt 0:00:06]} Nxd2 {[%emt 0:00:06]} 53. Ne6+ {[%emt 0:01:28]} Kf6 {[%emt 0:00:15]} 54. Nc7 {[%emt 0:00:05]} a5 {[%emt 0:00:27]} 55. b3 {[%emt 0:00:41]} g5 {[%emt 0:01:22]} 56. hxg5+ {[%emt 0:00:39]} Kxg5 {[%emt 0:00:05]} 57. Ne6+ {[%emt 0:00:09]} Kg4 {[%emt 0:00:10]} 58. Nd4 {[%emt 0:00:56]} h4 {[%emt 0:00:17]} 59. Kg2 {[%emt 0:00:36]} h3+ {[%emt 0:00:24]} 60. Kh1 {[%emt 0:00:16]} f4 {[%emt 0:01:54]} 0-1